|
|
|
|
| LEADER |
01390nam a2200301 a 4500 |
| 001 |
709336 |
| 008 |
110312s1998 maua 001 0 eng d |
| 010 |
|
|
|a 97027678
|
| 020 |
|
|
|a 0070254656 (acid-free)
|
| 040 |
|
|
|a DLC
|c DLC
|d DLC
|b D-DhAAL
|
| 050 |
0 |
0 |
|a T58.6
|b .H18 1998
|
| 082 |
0 |
0 |
|a 658.4/038/011
|2 21
|
| 100 |
1 |
|
|a Haag, Stephen.
|
| 245 |
1 |
0 |
|a Management information systems for the information age /
|c Stephen Haag, Maeve Cummings, James Dawkins.
|
| 250 |
|
|
|a 1st ed.
|
| 260 |
|
|
|a Boston, Mass. :
|b Irwin McGraw-Hill,
|c c1998.
|
| 300 |
|
|
|a xxiv, 528 p. :
|b col. ill. ;
|c 28 cm.
|
| 504 |
|
|
|a Includes bibliographical references (p. 507-514) and index.
|
| 541 |
1 |
|
|e 00007764
|
| 650 |
|
0 |
|a Management information systems.
|
| 650 |
|
0 |
|a Information technology.
|
| 700 |
1 |
|
|a Cummings, Maeve.
|
| 700 |
1 |
|
|a Dawkins, James.
|
| 852 |
|
|
|a Ayesha Abed Library
|c General shelf.
|
| 999 |
|
|
|c 10522
|d 10522
|
| 952 |
|
|
|0 0
|1 0
|2 ddc
|4 0
|6 658_403801100000000_HAA
|7 0
|9 14619
|a BRACUL
|b BRACUL
|c GEN
|d 2011-03-12
|l 1
|m 15
|o 658.4038011 HAA
|p 3010007764
|r 2014-09-14
|s 2014-05-19
|t 1
|w 2011-03-12
|y BK
|
| 952 |
|
|
|0 0
|1 0
|2 ddc
|4 0
|6 658_403801100000000_HAA
|7 0
|9 43241
|a SCL
|b SCL
|c GEN
|d 2000-12-12
|l 1
|o 658.4038011 HAA
|p 3020002994
|r 2021-11-30
|s 2021-11-30
|t 2
|w 2014-07-17
|y BK
|
| 952 |
|
|
|0 0
|1 0
|2 ddc
|4 0
|6 658_403801100000000_HAA
|7 0
|9 43263
|a SCL
|b SCL
|c GEN
|d 2000-12-12
|l 0
|o 658.4038011 HAA
|p 3020002993
|r 2014-07-19
|t 3
|w 2014-07-19
|y BK
|